Movies Quiz

Random Movies or Box Office Quiz
Score 0/7 Timer 02:00
5 Plays Today
% Correct
Daddy
93.3%
Men
89.9%
What
82.6%
The
81.6%
Lies
81.4%
The
69.3%
The
62.8%
Remove Ads.
Support Sporcle.
Get the best of Sporcle when you Go Orange. This ad-free experience offers more features, more stats, and more fun while also helping to support Sporcle. Thank you for becoming a member.

You're not logged in!

Compare scores with friends on all Sporcle quizzes.
OR
Log In

Show Comments

Extras

Top Quizzes Today


Score Distribution

Your Account Isn't Verified!

In order to create a playlist on Sporcle, you need to verify the email address you used during registration. Go to your Sporcle Settings to finish the process.

Report this User

Report this user for behavior that violates our Community Guidelines.

Details: